000 00426nam a2200157 i 4500
001 45008
003 ES-MaACL
005 20230906161132.0
007 t|
008 030324s1897 it ||||1| ita d
245 0 0 _aCodice penale /
_cper cura de Tito Carletti, sotto la direzione de Pietro Bogliolo.
250 _a4ยช ed.
260 _aFirenze :
_b[s.n.],
_c1897.
300 _a727 p. ;
_c17 cm.
852 _aES-MaACL
_jF-9363
999 _c45008
_d45008